000 00595nam a2200193 a 4500
001 10991
003 CO-ViMGA
008 141112s2004 ck r 000 u spa d
020 _a9589602703
040 _aCO-ViMGA
_bspa
_cCO-ViMGA
082 0 4 _a384.5456 P710
100 1 _aPrado Bravo Gerardo,
_915127
245 1 0 _aNotas, Órbitas planetarias
260 _aSantafé de Bogotá,
_cEditorial Escuela Colombiana de Ingeniería,
_c1996
300 _a80 p.
650 1 4 _aSATeLITES ARTIFICIALES - ÓRBITAS
_915128
650 1 4 _aSATeLITES ARTIFICIALES EN TELECOMUNICACIONES
_915129
942 _2ddc
_cBK
999 _c22209
_d22209